Um diálogo sobre a justiça : (Record no. 249)

MARC details
000 -LÍDER
Campo Fixo de Controle 00769cam a2200241 a 4500
001 - NÚMERO DE CONTROLE
Campo de Controle 249
003 - IDENTIFICAÇÃO DO NÚMERO DE CONTROLE
Campo de Controle BR-CuiBMT
005 - DATA E HORA DA ÚLTIMA ATUALIZAÇÃO
Campo de Controle 20231025000548.0
008 - DADOS FIXOS
Dados Fixos 230913s2012 mgb 000 0 por d
020 ## - INTERNATIONAL STANDARD BOOK NUMBER
Nº do ISBN 9788577005369
040 ## - AGÊNCIA CATALOGADORA
Código da Agência Catalogadora BR-CuiBMT
Agência que transcreveu o registro BR-CuiBMT
080 ## - Nº DA CLASSIFICAÇÃO DECIMAL UNIVERSAL
Nº edição CDU 2007
Nº Class. CDU 340.12
090 ## - NÚMERO DE CHAMADA
Nº classificação 340.12
Cutter P667d
100 1# - ENTRADA PRINCIPAL -- AUTOR PESSOAL
Nome pessoal Pires, Luis Manuel Fonseca,
Datas associadas ao nome 1974-
245 13 - TÍTULO PRINCIPAL
Título principal Um diálogo sobre a justiça :
Subtítulo a justiça arquetípica e a justiça deôntica /
Indicação de responsabilidade Luis Manuel Fonseca Pires, Ricardo Marcondes Martins.
260 ## - PUBLICAÇÃO, DISTRIBUIÇÃO, ETC.
Local de publicação Belo Horizonte :
Editora Fórum,
Data 2012.
300 ## - DESCRIÇÃO FÍSICA
N. páginas ou volumes 278 p. ;
Dimensões 22 cm
504 ## - NOTA DE BIBLIOGRAFIA, ETC.
Nota de bibliografia Inclui bibliografia.
650 ## - ASSUNTO TÓPICO
Cabeçalho tópico ou nome geográfico Direito
Subdivisão geral Filosofia
650 ## - ASSUNTO TÓPICO
Cabeçalho tópico ou nome geográfico Teoria geral do direito
700 1# - ENTRADA SECUNDÁRIA -- NOME PESSOAL
Nome pessoal Martins, Ricardo Marcondes,
Datas associadas ao nome 1976-
942 ## - ELEMENTOS DE ENTRADA ADICIONAIS (KOHA)
Fonte de classificação ou esquema de arquivamento Classificação Decimal Universal
Tipo de item do Koha Livros
Holdings
Estado: removido Estado: perdido Fonte de classificação ou esquema de arquivamento Estado: danificado Indisponível para empréstimo Localização permanente Localização atual Data de aquisição Total Checkouts Número de Chamada completo Código de barras Date last seen Número do exemplar Preço efetivo a partir de Tipo de item (Koha)
    Classificação Decimal Universal     Biblioteca da Escola Superior de Contas do TCE/MT Biblioteca da Escola Superior de Contas do TCE/MT 28/06/2023   340.12 P667d BIBTCEMT23090032 13/09/2023 Ex. 1 13/09/2023 Livros

Powered by Koha